Some aspects of the investment attractiveness of the Visegrad Group countries
Prílev priamych zahraničných investícií do krajín V4 v rokoch 1994-2004. Atraktívnosť krajín strednej a východnej Európy, vrátane skupiny V4 v zmysle alokácie priamych investícií, ako aj ďalších faktorov, ktoré determinujú atraktívnosť regiónu pre zahraničného investora. Je dôležité neustále venovať...
Salvato in:
| Autore principale: | |
|---|---|
| Altri autori: | , |
| Natura: | Capitolo di libro |
| Lingua: | inglese |
| Soggetti: | |
| Tags: |
Nessun Tag, puoi essere il primo ad aggiungerne!!
|
MARC
| LEADER | 00000naa$a2200000$$$4500 | ||
|---|---|---|---|
| 001 | 0048278 | ||
| 005 | 20231114071745.4 | ||
| 041 | 0 | |a eng | |
| 044 | |a CZ | ||
| 245 | 1 | 0 | |a Some aspects of the investment attractiveness of the Visegrad Group countries |c Peter Bielik, Elena Horská, Malgorzata Dziembala |
| 520 | |a Prílev priamych zahraničných investícií do krajín V4 v rokoch 1994-2004. Atraktívnosť krajín strednej a východnej Európy, vrátane skupiny V4 v zmysle alokácie priamych investícií, ako aj ďalších faktorov, ktoré determinujú atraktívnosť regiónu pre zahraničného investora. Je dôležité neustále venovať pozornosť zvyšovaniu atraktívnosti pre alokovanie investícií, nakoľko krajiny V4 potrebujú zahraničný kapitál na modernizáciu svojich ekonomík. Dôležitý je nielen objem PZI, ale aj ich kvalita. Rast HDP v rokoch 2000-2007. Ceny práce vo vybraných krajinách. | ||
| 610 | 2 | 0 | |a Vyšehradská štvorka |
| 610 | 2 | 0 | |a SVE |
| 610 | 2 | 0 | |a investície priame zahraničné |
| 610 | 2 | 0 | |a produkt domáci hrubý |
| 610 | 2 | 0 | |a cena práce |
| 100 | 1 | |a Bielik, Peter | |
| 700 | 1 | |a Horská, Elena | |
| 700 | 1 | |a Dziembala, Malgorzata | |